000 00396cam a2200169ua 4500
001 15124
008 060101n2008 II |||gr||||Z||||||eng
040 _aMAIN
041 _aEnglish
082 _a576 YAD
100 _aYADAV, P.R.
245 _aA TEXT BOOK OF PARACYTOLOGY
260 _aNEW DELHI
_bCAMPUS BOOKS
_c2008
300 _a384:
_c22CM.
653 _aGenetics & evolution
942 _cBK
999 _c15009
_d15009